000 00844nam a2200265Ia 4500
003 OSt
005 20221006144029.0
006 a|||||r|||| 00| 0
007 ta
008 221006b |||||||| |||| 00| 0 eng d
020 _c0.80
024 _a10,685
037 _cTextual
040 _aEASL
_cEASL
_beng
041 _2eng
_aeng
082 _aW691xM93:gv8, L4
245 0 _aMarxists on Maoism
_b Excerpts from official documents, Statements by leaders of Marxist-Leninist Parties, and articles published in the Communist Press concerning Peking's Great-Power Policy (1968-1973)
260 _aMoscow
_bNovosti Press Agency Publishing House
_c1974
300 _a239p.
_ccm.
490 _v CEL
650 _a CEL
650 _aMaoism
_9650761
942 _hW691xM93:gv8, L4
_cTEXL
_2CC
999 _c1078771
_d1078771